000 00821nac a22002777a 4500
001 BR5900001
003 BR-BrBNA
005 20240105112934.0
008 230509b bl.|||m| |||| 00| 0 por d
040 _aBR-BrBNA
_bpor
_cBiblioteca Nacional de Agricultura
072 _aL00
090 _a6100 BR5900001
100 1 _aMoore, F.E.
110 1 _aServico de Informacao Agricola, Rio de Janeiro, GB (Brasil)
245 1 _aComo criar suas futuras poedeiras [Galinheiro; Comedouro]
260 3 _aRio de Janeiro, GB (Brasil):
_c1959.
300 _a30 p.
490 _aSIA (Brazil)
_vno. 834
_x
650 _aProducao animal
650 _aGalinha para postura
650 _aGalinheiro
650 _aComedouro
650 _aAvicultura
909 _a202312
_bLúcia Elande
_c55
_dLúcia Elande
942 _2AGRIS
_n0
_cMS
999 _c261032
_d261032